<?xml version="1.0" encoding="UTF-8"?>
<record
    xmlns:xsi="http://www.w3.org/2001/XMLSchema-instance"
    xsi:schemaLocation="http://www.loc.gov/MARC21/slim http://www.loc.gov/standards/marcxml/schema/MARC21slim.xsd"
    xmlns="http://www.loc.gov/MARC21/slim">

  <leader>01028nam a22001817a 4500</leader>
  <controlfield tag="003">IT-RoPau</controlfield>
  <controlfield tag="005">20220918181105.0</controlfield>
  <controlfield tag="008">130508b        xxu||||| |||| 00| 0 eng d</controlfield>
  <datafield tag="040" ind1=" " ind2=" ">
    <subfield code="c">IT-RoPau</subfield>
  </datafield>
  <datafield tag="100" ind1=" " ind2=" ">
    <subfield code="a">Centro di Spiritualit&#xE0; Paolina</subfield>
    <subfield code="9">518</subfield>
  </datafield>
  <datafield tag="245" ind1=" " ind2=" ">
    <subfield code="a">Supplemento a "Camminiamo anche noi in novit&#xE0; di vita"</subfield>
  </datafield>
  <datafield tag="250" ind1=" " ind2=" ">
    <subfield code="a">1&#xB0; ed</subfield>
  </datafield>
  <datafield tag="260" ind1=" " ind2=" ">
    <subfield code="a">Ariccia (Roma)</subfield>
    <subfield code="b">Centro di Spiritualit&#xE0; Paolina - Casa Divino Maestro</subfield>
    <subfield code="c">1979</subfield>
  </datafield>
  <datafield tag="300" ind1=" " ind2=" ">
    <subfield code="a">20 pp.</subfield>
    <subfield code="c">33 cm</subfield>
  </datafield>
  <datafield tag="490" ind1=" " ind2=" ">
    <subfield code="a">"Camminiamo  anche noi in novit&#xE0; di vita"</subfield>
    <subfield code="v">n&#xB0; 3 - Febbraio 1979</subfield>
  </datafield>
  <datafield tag="520" ind1=" " ind2=" ">
    <subfield code="a">Sommario

I. Discepoli di Cristo, per imparare a pregare"
II. Con la Bibbia "E' tutto l'essere che prega"
III. Ges&#xF9; Cristo: Incontro radicale dell'essere umano con Dio
IV. Liturgia: Le dimensioni  della preghiera in Cristo
V. Preghiera biblica di Maria
VI. Spazio vitale per la preghiera: Sapienza - Contemplazione
VII. Prgehiera integrale dell'uomo di azione
VIII. La preghiera dell'Apostolo Paolo
IX. "Mettere innanzi a Dio tutto il nostro essere"  </subfield>
  </datafield>
  <datafield tag="942" ind1=" " ind2=" ">
    <subfield code="2">ddc</subfield>
    <subfield code="c">CR</subfield>
  </datafield>
  <datafield tag="999" ind1=" " ind2=" ">
    <subfield code="c">98498</subfield>
    <subfield code="d">98498</subfield>
  </datafield>
  <datafield tag="952" ind1=" " ind2=" ">
    <subfield code="0">0</subfield>
    <subfield code="1">0</subfield>
    <subfield code="2">ddc</subfield>
    <subfield code="4">0</subfield>
    <subfield code="6">P_C6</subfield>
    <subfield code="7">1</subfield>
    <subfield code="a">PAULUS</subfield>
    <subfield code="b">PAULUS</subfield>
    <subfield code="d">2013-05-08</subfield>
    <subfield code="l">0</subfield>
    <subfield code="o">P C6</subfield>
    <subfield code="p">Sp FP 12</subfield>
    <subfield code="r">2013-05-08 00:00:00</subfield>
    <subfield code="w">2013-05-08</subfield>
    <subfield code="y">CR</subfield>
  </datafield>
</record>
